000 00657nam a2200181Ia 4500
005 20250508155834.0
008 008 250505s9999 xx 000 0 eng d
037 _aDissertations
040 _aFEDL
_beng
_cFEDL
041 _aeng
_2eng
084 _a155.4, MUK/DI
_qFEDL
100 _aMukherjee Anima
_9767621
245 0 _aStudy of florence goodenough's draw-a-man test on Indian children of age groups between 11 plus and 14 plus, with a view to establish norms for assessing their intelligence
260 _c1956
546 _aM.Ed. Dissertation, 1956 (Delhi University)
942 _cDIS
_h155.4, MUK/DI
999 _c1359551
_d1359551